00551nam a22001697a 450000500170000001000130001702000260003003500120005603700130006808200070008110000320008824500640012024600590018426000530024327000590029630000260035520230103112340.0 aUR-11828 a9789393785640c400.00 aU-10383 bDBAD/PUB aک aمتقی ، سید عباس aدور و دراز /cسید عباس متقیhا ر د و aDoor o Daraz (wit & humour) /bby Syed Abbas Muttaqui aNew DelhibEducational Publishing Housec2021 ء aH.o. D1/16, Ansari Road, Darya GanjbNew Delhie110002 a232 صc23cm(Hb)